000 00738nam a2200229 a 4500
001 48848
003 BD-RjUL
005 20211209054609.0
008 160816s1985 bg ||||| |||| 00| 0 ben d
020 _cTK.30.00
035 _a(BD-RjUL) 48967
040 _aBD-RjUL
_bben
_cBD-RjUL
041 _aben
082 _223
_a891.443
_bSIJ 1985
100 _aসিদ্দিক, আবুবকর
_9120943
245 _aজল রাক্ষস /
_cআবুবকর সিদ্দিক
260 _aঢাকা :
_bমুক্তধারা,
_c১৯৮৫
300 _a১৩০ পৃ. ;
_c২১ সেমি.
650 _aবাংলা উপ্যাস
_9147227
650 _aBengali fiction
_9147228
942 _2ddc
_cBK
999 _c48848
_d48848